The Tragedy of Romeo and Juliet : And Related Readings / (Record no. 617036)
[ view plain ]
| 000 -LEADER | |
|---|---|
| fixed length control field | 00394nam a22001337a 4500 |
| 020 ## - INTERNATIONAL STANDARD BOOK NUMBER | |
| Qualifying information | HB. |
| 040 ## - CATALOGING SOURCE | |
| Transcribing agency | FIZZA ISHAQ |
| 082 ## - DEWEY DECIMAL CLASSIFICATION NUMBER | |
| Classification number | 822.33 |
| Author Mark | SHA |
| 100 ## - MAIN ENTRY--PERSONAL NAME | |
| Personal name | Shakespeare , William. |
| 9 (RLIN) | 11199 |
| 245 ## - TITLE STATEMENT | |
| Title | The Tragedy of Romeo and Juliet : And Related Readings / |
| Statement of responsibility, etc. | William Shakespeare. |
| 260 ## - PUBLICATION, DISTRIBUTION, ETC. | |
| Place of publication, distribution, etc. | New York: |
| Name of publisher, distributor, etc. | McDOUGAL LITTELL, |
| Date of publication, distribution, etc. | 1994. |
| 300 ## - PHYSICAL DESCRIPTION | |
| Extent | 311 p. ; |
| Dimensions | 8.6 x 5.5 inches, |
| 942 ## - ADDED ENTRY ELEMENTS (KOHA) | |
| Source of classification or shelving scheme | |
| Koha item type | Book |
| Withdrawn status | Lost status | Source of classification or shelving scheme | Damaged status | Not for loan | Permanent Location | Current Location | Shelving location | Date acquired | Total Checkouts | Full call number | Barcode | Date last seen | Price effective from | Koha item type |
|---|---|---|---|---|---|---|---|---|---|---|---|---|---|---|
| NUST Baluchistan Campus (NBC) | NUST Baluchistan Campus (NBC) | Fiction | 04/14/2026 | 822.33 SHA | QD-726 | 04/14/2026 | 04/14/2026 | Book |
